Some of my experiences in the Forest Service : (Record no. 40902)

MARC details
000 -LEADER
fixed length control field 01005cpcaa2200265 a 4500
001 - CONTROL NUMBER
control field mm 79001743
003 - CONTROL NUMBER IDENTIFIER
control field DLC
005 - DATE AND TIME OF LATEST TRANSACTION
control field 20260227111638.0
008 - FIXED-LENGTH DATA ELEMENTS--GENERAL INFORMATION
fixed length control field 791120|||||||||||| eng
010 ## - LIBRARY OF CONGRESS CONTROL NUMBER
LC control number mm 79001743
040 ## - CATALOGING SOURCE
Original cataloging agency DLC
Description conventions dacs
Transcribing agency DLC
Modifying agency DLC
072 #7 - SUBJECT CATEGORY CODE
Subject category code L
Source lcmd
100 1# - MAIN ENTRY--PERSONAL NAME
Personal name Shoemaker, Theodore,
Dates associated with a name 1876-
245 00 - TITLE STATEMENT
Title Some of my experiences in the Forest Service :
Form autobiographical account,
Inclusive dates undated.
300 ## - PHYSICAL DESCRIPTION
Extent 1
Type of unit volume (98 pages).
506 0# - RESTRICTIONS ON ACCESS NOTE
Terms governing access Open to research.
520 8# - SUMMARY, ETC.
Summary, etc. Typescript autobiographical account entitled "Some of My Experiences in the Forest Service."
545 0# - BIOGRAPHICAL OR HISTORICAL DATA
Biographical or historical data Forest ranger.
580 ## - LINKING ENTRY COMPLEXITY NOTE
Linking entry complexity note Forms part of: Miscellaneous Manuscripts collection.
610 10 - SUBJECT ADDED ENTRY--CORPORATE NAME
Corporate name or jurisdiction name as entry element United States.
Subordinate unit Forest Service.
650 #0 - SUBJECT ADDED ENTRY--TOPICAL TERM
Topical term or geographic name entry element Forest conservation
Geographic subdivision United States.
656 #7 - INDEX TERM--OCCUPATION
Occupation Forest rangers.
Source of term itoamc

No items available.

Powered by Koha